00909nam a22002177a 450000500170000001000150001702000260003203500140005803700090007208200130008110000350009424501110012925000060024026000660024627001110031230000200042370000500044394200270049399900190052095201520053920251205105621.0 aENG-147206 c600.00a9789391706241 aEN-130738 bDBAD a181.421 aBhattacharyya, Kalidas 985874 aNew Perspectives in Indian Philosophy/cKalidas Bhattacharyya [and] Edited By Nirmalya Narayan Chakraborty a1 aKolkatabThe Ramakrishna Mission Institute Of Culture c2023 bKolkataaThe Ramakrishna Mission Institute Of Culture Gol Park, Kolkata Indiae700029mrmicsale@gmail.com a445p.c22cm(hb) aChakraborty, Nirmalya Narayan eEditor985875 2ddccENh181.4mNEWe1 c213853d213853 001040708NFICaMbMd2025-12-05eDelivery of Books Act Divisiong600.00l0o181.4 NEWpEN-130738r2025-12-05 00:00:00t1v600.00w2025-12-05yEN